| 000 | 00430nam a22001697a 4500 | ||
|---|---|---|---|
| 003 | OSt | ||
| 008 | 240507b |||||||| |||| 00| 0 eng d | ||
| 020 | _a9789390395491 | ||
| 082 | _a658.892 KAD | ||
| 100 | _aKAGAN, Jeremy and SINGH, Siddharth Shekhar | ||
| 245 | _aDigital Marketing: Strategy & Tactics | ||
| 250 | _aIst. ed. | ||
| 260 |
_aNew Delhi, _bWiley, _c2021 |
||
| 300 | _a299 p. | ||
| 650 | _aMBA | ||
| 942 |
_2ddc _cBK |
||
| 999 |
_c12652 _d12652 |
||